| 000 | 01283cam a2200241 4500 | ||
|---|---|---|---|
| 001 | ABS68609 | ||
| 008 | 050128n2005 000 0 eng u | ||
| 035 | _a(Sirsi) u128668 | ||
| 100 | _aIves, P. | ||
| 245 | _aDomestic electrical installations and the new Part P | ||
| 260 | _c2005 | ||
| 490 |
_aLetting Update Journal _v12(4) 12 January 2005, 14-16(3) |
||
| 520 | _aGives advice to property managers on a new law which came into effect on 1 January 2005 and will require all but minor work to be carried out by a government approved competent person. This is reflected in the the new part of the Building Regulations, Part P. All proposed electrical installation work in dwellings will need to be notified to a building control body before work commences with some exceptions such as when the proposed work is undertaken by a prescribed competent person. Part P will be enforced by local authorities with failure to comply a legal offence. | ||
| 590 | _aABS | ||
| 590 | _aABS | ||
| 650 | _aBUILDING REGULATIONS 2000 APPROVED DOCUMENT P (2005 EDITION) | ||
| 650 | _aELECTRICAL WORKS | ||
| 650 | _aELECTRICAL INSTALLATIONS | ||
| 650 | _aBS 7671: 2001 | ||
| 650 |
_aBUILDING CONTROL _96222 |
||
| 690 | _aBUILDING AND CONSTRUCTION-REGULATION AND CONTROL | ||
| 942 | _n0 | ||
| 999 |
_c118496 _d118496 |
||